| 000 | 01204cam a22002054a 4500 | ||
|---|---|---|---|
| 005 | 20250605164242.0 | ||
| 008 | 250528s ||||||||||||||||||||||||d | ||
| 035 | _a21361 | ||
| 020 | _a9781848608801 | ||
| 040 |
_aGR-AtMCL _bgre _dGR-AtMCL _eAACR2 |
||
| 245 | 1 | _aKey Concepts in Mental Health / Second Edition | |
| 250 | _a2nd | ||
| 260 |
_bSage Publications, _c2009 |
||
| 300 | _a204 | ||
| 520 | _aAn accessible and authoritative knowledge of the essential topics in a variety of disciplines. Acknowledgements, Mental Health and Mental Health Problems, Psychiatric Diagnosis, Psychiatric Epidemiology, Functional and Organic Mental Illnesses, The Myth of Mental Illness, Madness, Sadness, Fear, Personality Disorders, Self-Harm, Substance Misuse, Learning Disability, Causes and Constructs, Physical Health, Well-Being, Pleasure, Creativity, Spirituality, Eating Disorders, Mental Health Services, Primary Care, Careers, Recovery, Coercion, Malpractice, Mental Health and Society, Segregation, Eugenics, Stigma, Work, The Mass Media, Suicide, Social Class, Race, Gender, Age, Childhood Adversity, Warfare. | ||
| 700 | 1 |
_aPilgrim David _97417 |
|
| 942 | _cBK | ||
| 999 |
_c6426 _d6426 |
||